| 000 | 00708nam a22002057a 4500 | ||
|---|---|---|---|
| 005 | 20230704114530.0 | ||
| 008 | 230704b ||||| |||| 00| 0 eng d | ||
| 040 | _cAL | ||
| 041 | _amal | ||
| 082 |
_223 _a894.8123 _bBENP |
||
| 100 |
_aBenyamin: ബെന്യാമിൻ _9125391 |
||
| 245 | _aPenmarattam: പെണ്മാറാട്ടം | ||
| 260 |
_aKerala _bHaritham Books _c2012 |
||
| 300 |
_a82p. _cPB _b21x13cm. |
||
| 365 |
_2Others _b70.00 _c₹ _d70.00 |
||
| 650 |
_aMalayalam Fiction: മലയാളം ഫിക്ഷൻ _9125392 |
||
| 650 |
_aMalayalam Novel: മലയാളം നോവൽ _9125393 |
||
| 700 |
_aBENYAMIN: ബെന്യാമിൻ _9125394 |
||
| 942 |
_2ddc _cDB |
||
| 999 |
_c227744 _d227744 |
||